Technologie zpracování dat Distribuované zpracování dat a zpracování textů

Gespeichert in:
Bibliographische Detailangaben
1. Verfasser: Šedivá, Zuzana
Körperschaft: Vysoká škola ekonomická v Praze. Fakulta řízení
Weitere Verfasser: Jandoš, Jaroslav, Horný, Stanislav
Format: Buch
Sprache:Tschechisch
Veröffentlicht: Praha Státní pedagogické nakladatelství 1990
Ausgabe:1. vyd.
Tags: Tag hinzufügen
Keine Tags, Fügen Sie das erste Tag hinzu!

MARC

LEADER 00000nam a2200000 4500
001 c024149
005 20221215120834.7
041 0 |a cze 
044 |a CZ 
245 1 0 |a Technologie zpracování dat  |b Distribuované zpracování dat a zpracování textů  |c Zuzana Šedivá, Jaroslav Jandoš, Stanislav Horný 
250 |a 1. vyd. 
264 1 |a Praha  |b Státní pedagogické nakladatelství  |c 1990 
300 |a 158 s. 
100 1 |a Šedivá, Zuzana 
700 1 |a Jandoš, Jaroslav 
700 1 |a Horný, Stanislav 
710 2 |a Vysoká škola ekonomická v Praze. Fakulta řízení